| 000 | 00653nam a22002057a 4500 | ||
|---|---|---|---|
| 999 |
_c7381 _d7381 |
||
| 003 | OSt | ||
| 005 | 20211025141528.0 | ||
| 008 | 211025b ||||| |||| 00| 0 eng d | ||
| 020 | _a9788702055041 | ||
| 040 | _cDDC | ||
| 082 | _aWE550P456n 2013 | ||
| 100 |
_aPetty,Nicola J.; Moore,Ann P.; _915118 |
||
| 245 |
_aNeuromusculoskeletal Examination and Assessment. _bA Handbook For Therapists. _cEdited by Petty,Nicola J. and Moore,Ann P.; |
||
| 250 | _a3rd Ed. | ||
| 260 |
_aLondon. _bChurchill Livingstone. _c2013. |
||
| 300 |
_axill,377p; _bill; _c23cm |
||
| 504 | _aIncludes; References and index. | ||
| 650 |
_aBiology. _95602 |
||
| 942 |
_2ddc _cO_SHELF |
||